Occupational pension scheme membership and retirement saving (Registro nro. 26550)
[ vista simple ]
| 000 -LEADER | |
|---|---|
| fixed length control field | 00375 a2200121 4500 |
| 001 - CONTROL NUMBER | |
| control field | ART_12657 |
| 005 - DATE AND TIME OF LATEST TRANSACTION | |
| control field | 20260410161908.0 |
| 008 - FIXED-LENGTH DATA ELEMENTS--GENERAL INFORMATION | |
| fixed length control field | 260409a |
| 100 1# - MAIN ENTRY--PERSONAL NAME | |
| Personal name | Hemming, Richard |
| 245 10 - TITLE STATEMENT | |
| Title | Occupational pension scheme membership and retirement saving |
| 700 1# - ADDED ENTRY--PERSONAL NAME | |
| Personal name | Harvey, R. |
| 773 0# - HOST ITEM ENTRY | |
| Title | The Economic Journal |
| Related parts | - Vol. 93, Nº 369 (mar. 1983) |
| Record control number | REV12512 |
No hay ítems disponibles.